Movies Quiz

Random Movies Quiz

Movie Taglines: Steve McQueen Quiz Stats

Quiz not verified by Sporcle

Challenge
Share
Tweet
Score 0/29 Timer 06:00
0 Plays Today
% Correct
The Blob (1958)
88.4%
Bullitt (1968)
79.3%
The Magnificent Seven (1960)
78.5%
The Towering Inferno (1974)
77.7%
Le Mans (1971)
71.9%
Junior Bonner (1972)
70.2%
The Great Escape (1963)
68.6%
The Thomas Crown Affair (1968)
66.9%
The Getaway (1972)
66.9%
The War Lover (1962)
66.1%
The Hunter (1980)
62.8%
The Sand Pebbles (1966)
57%
The Reivers (1969)
54.5%
The Cincinnati Kid (1965)
53.7%
The Great St. Louis Bank Robbery (1959)
52.9%
% Correct
Love with the Proper Stranger (1963)
47.1%
Soldier in the Rain (1963)
46.3%
Hell Is For Heroes (1962)
44.6%
Tom Horn (1980)
44.6%
Nevada Smith (1966)
40.5%
Papillon (1973)
39.7%
Dixie Dynamite (1976)
37.2%
The Honeymoon Machine (1961)
36.4%
An Enemy of the People (1978)
33.1%
Never So Few (1959)
28.9%
Baby the Rain Must Fall (1965)
26.4%
Somebody Up There Likes Me (1956)
25.6%
Girl on the Run (1953)
24%
Never Love A Stranger (1958)
22.3%

You're not logged in!

Compare scores with friends on all Sporcle quizzes.
Sign Up with Email
OR
Log In

You Might Also Like...

Show Comments

Extras

Top Quizzes Today


Score Distribution

Your Account Isn't Verified!

In order to create a playlist on Sporcle, you need to verify the email address you used during registration. Go to your Sporcle Settings to finish the process.